Responses for Show #6603 - Wednesday, May 8, 2013

2013 College Championship quarterfinal game 3.

Contestants

[<< previous game]

Trevor Walker, a sophomore at MIT from Miami Shores, Florida

Taylor Roth, a junior at Baylor University from Plano, Texas

Paige Radtke, a sophomore from the University of Colorado at Boulder from Fort Collins, Colorado

[next game >>]

Jeopardy! Round responses

BAD JOB INTERVIEW RESPONSES
(Alex: You want to avoid these.)
WEB MUSIC PARODIES
YES, THEY WILL
"SIN"ONYMS
(Alex: Each correct response will begin with those three letters of the alphabet.)
WHAT DEGREE ARE YOU GETTING?
ECONOMICS
(Alex: That's the degree.)
    $200 14
Starbucks

Paige
    $200 9
fun.

Trevor
    $200 19
Princess Diana

Taylor
    $200 2
single

Triple Stumper
    $200 1
worst

Taylor
    $200 26
looking for work

Trevor
    $400 15
Montpelier

Paige
    $400 10
Queen

Paige
    $400 20
Benjamin Franklin

Trevor
    $400 3
sincere

Trevor
    $400 7
latitude

Triple Stumper
    $400 27
(Alex: [*] on the national debt -- you are right.)

interest

Taylor
    $600 16
Metallica

Triple Stumper
    $600 11
Gandalf

Trevor
    $600 21
(Paige: Who is Grace Kelly?)

Marilyn Monroe

Paige
Triple Stumper
    $600 4
singe

Paige
    $600 8
(Trevor: What is aggravated assault?)
(Taylor: What is manslaughter?)
(Paige: What is grand larceny?)

first-degree murder

PaigeTaylorTrevor
Triple Stumper
    $600 28
insurance

Taylor
    $800 17
bubonic plague

Paige
    $800 12
a flame war

Trevor
    $800 24
Napoléon (Bonaparte)

Taylor
    $800 5
sinister

Paige
    $800 22
100 degrees Celsius

Paige
    $800 29
most favored nation treatment

Triple Stumper
    $1000 18
a mole rat

Taylor
    $1000 13
"Video Games"

Trevor
    $1000 25
(Paige: Who is Kipling?)

Robert Louis Stevenson

Paige
Triple Stumper
    $1000 6
Sinhalese

Triple Stumper
    $1000 23
second cousins

Taylor
    $1000 30
asymmetrical information

Triple Stumper

Scores at the first commercial break (after clue 15):

Paige Taylor Trevor
$1,800 -$400 $2,400

Scores at the end of the Jeopardy! Round:

Paige Taylor Trevor
$1,800 $3,600 $3,000

Double Jeopardy! Round responses

THE FIRST MILLENNIUM
RECENT TITLE ROLE PLAYING
TRANSPORTATION
THE BOOK BOOK
ISLANDS
THE J-5
(Alex: Five-letter words that all begin with the letter "J.")
    $400 16
chariots

Paige
    $400 17
Daniel Day-Lewis

Paige
    $400 6
horses

Paige
    $400 11
the Library of Congress

Paige
    $400 1
New Guinea

Triple Stumper
    $400 26
(Trevor: What is jousting?)
...
(Alex: Five letters only.)

joust

TaylorTrevor
    $2,000 22
Mount Vesuvius

Trevor
    $800 18
Keira Knightley

Taylor
    $800 7
(Richard) Branson

Paige
    $800 12
[Alex reads "ms." as "manuscript".]

the Brontë sisters

Taylor
    $800 2
seven

Paige
    $800 27
jerky

Paige
    $1200 23
Attila the Hun

Triple Stumper
    $1200 19
Chris Evans

Paige
    $800 8
a bullet train

Paige
    $1200 13
Jane Austen

Taylor
    $1200 3
the Bahamas

Taylor
    $1200 28
jaded

Trevor
    $1600 24
Pepin the Short

Triple Stumper
    $1600 20
(Paige: Who is Ben Stiller?)

Steve Carell

Paige
Triple Stumper
    $1600 9
(Trevor: What are roller coasters?)
...
(Alex: The clue refers to Fisherman's Wharf in San Francisco, hence the clue is all about [*].)

cable cars

Trevor
Triple Stumper
    $1600 14
(H.P.) Lovecraft

Trevor
    $1600 4
(Alex: Remember, the mutineers wound up on [*].)

Pitcairn Island

Triple Stumper
    $1600 29
a jiffy

Paige
    $2000 25
Hippo

Triple Stumper
    $2000 21
(Paige: Who is Charlize Theron and Kristen Stewart?)
(Taylor: Who are Kristen Stewart and Helmsworth -- Chris Helmsworth?)

Kristen Stewart and (Chris) Hemsworth

PaigeTaylorTrevor
    $2000 10
tugboats

Trevor
    $2000 15
Aristotle

Triple Stumper
    $2000 5
(Paige: What is Monte Carlo?)

Montecristo

PaigeTrevor
    $2000 30
a junta

Trevor

Scores at the end of the Double Jeopardy! Round:

Paige Taylor Trevor
$3,800 $6,000 $13,800
(lock game)

Final Jeopardy! Round responses

FAMOUS ENGLISHMEN
PaigeWho is Newton?
$2,201
TaylorWho is Thomas More?
$5,999
TrevorWho Wilde
$1,799
Charles Darwin

Final scores:

Paige Taylor Trevor
$1,599 $1 $12,001
2nd place: $5,000 if eliminated 3rd place: $5,000 if eliminated Automatic semifinalist

Game dynamics:

Coryat scores:

Paige Taylor Trevor
$4,200 $6,000 $12,600
17 R
(including 1 DD),
6 W
12 R
(including 1 DD),
2 W
14 R
(including 1 DD),
3 W

Combined Coryat: $22,800

[game clues] [game scores] [suggest correction]

Game tape date: 2013-04-08
The J! Archive is created by fans, for fans. Scraping, republication, monetization, and malicious use prohibited; this site may use cookies and collect identifying information. See terms. The Jeopardy! game show and all elements thereof, including but not limited to copyright and trademark thereto, are the property of Jeopardy Productions, Inc. and are protected under law. This website is not affiliated with, sponsored by, or operated by Jeopardy Productions, Inc. Join the discussion at JBoard.tv.